Εισαγωγή στην ποιητική του Μίλτου Σαχτούρη
Αποθηκεύτηκε σε:
| Κύριος συγγραφέας: | |
|---|---|
| Μορφή: | Βιβλίο |
| Γλώσσα: | Greek |
| Δημοσίευση: |
Αθήνα :
Κείμενα,
1979
|
| Θέματα: | |
| Ετικέτες: |
Προσθήκη ετικέτας
Δεν υπάρχουν, Καταχωρήστε ετικέτα πρώτοι!
|
MARC
| LEADER | 00000cam a2200000 i 4500 | ||
|---|---|---|---|
| 001 | 1/88667 | ||
| 008 | 960920s1979 gr | ||| |||| ||gre|| | ||
| 035 | |a 1990 |b 3 |c Αναγνωστοπούλου |l 10035558 | ||
| 040 | |a GR-MyUA |b gre |e AACR2 | ||
| 041 | 0 | |a gre | |
| 082 | 0 | |a 889.101 | |
| 082 | 0 | |a 889.109 | |
| 100 | 1 | |a Δάλλας, Γιάννης, |d 1924- | |
| 245 | 1 | 0 | |a Εισαγωγή στην ποιητική του Μίλτου Σαχτούρη / |c Γιάννης Δάλλας. |
| 260 | |a Αθήνα : |b Κείμενα, |c 1979 | ||
| 300 | |a 114 σ. ; |c 20 εκ. | ||
| 500 | |a Άνω του τίτλου: Σπουδή στη μεταπολεμική ποίηση. | ||
| 600 | 1 | 0 | |a Σαχτούρης, Μίλτος, |d 1919-2005. |
| 650 | 0 | 0 | |a Greek poetry, Modern |y 20th century |x History and criticism. |
| 852 | |a INST |b RHODES |e 19960920 |h 889.101 ΔΑΛ |p 005400008298 |q 005400008298 |t BK |y 0 | ||
| 852 | |a INST |b SAMOS |e 20200120 |h 889.109 ΔΑΛ |p 005300046256 |q 005300046256 |t BK |y 0 | ||
| 909 | |a Ρ |b 018126 | ||
| 970 | |z 2000/06/ΚΑΤΕΡΙΝΑ | ||